000 00743cam a2200217 4500500
005 20260111080334.0
041 _afre
042 _adc
100 1 0 _aDevillers, Hugo
_eauthor
245 0 0 _aLe périmètre des normes de dépenses de l’État
260 _c2019.
500 _a29
690 _afinances de l’État
690 _aloi de programmation des finances publiques
690 _anormes de dépense
690 _asincérité budgétaire
690 _asoutenabilité
690 _atransparence budgétaire
786 0 _nGestion & Finances Publiques | 3 | 3 | 2019-08-29 | p. 11-18 | 1969-1009
856 4 1 _uhttps://droit.cairn.info/revue-gestion-et-finances-publiques-2019-3-page-11?lang=fr&redirect-ssocas=7080
999 _c1616176
_d1616176